000 00609nam a22002417a 4500
003 UA-OsUOA
001 31837
007 ta
008 20050112b un ||||| |||| 00| 0 ukr d
100 _aМюллер Норберт
090 _a94(4)"1939/1345"
_bМ98
942 _cBK
040 _aUA-OsUOA
_brus
_cUA-OsUOA
_dUA-OsUOA
245 _aВермахт и оккупация (1941-1944)
300 _a388 с.
955 _a0
041 _arus
080 _a94(4)"1939/1345"
260 _aМосква
_bВоениздат
_c1974
044 _aRU
650 7 _2UDC
999 _c318271
_d318271